Brands by Partial Logo Images #1 - Statistics

General Stats
  • This quiz has been taken 11,141 times
    10,165 since last reset
  • The average score is 12 of 16
Answer Stats
Hint Answer % Correct
HTML tutorial Subway
98%
HTML tutorial Gmail
96%
HTML tutorial Nike
96%
HTML tutorial KFC
94%
HTML tutorial Pepsi
93%
HTML tutorial LG
90%
HTML tutorial Olympics
87%
HTML tutorial NBA
86%
HTML tutorial Apple
85%
HTML tutorial Mercedes-Benz
81%
HTML tutorial Shell
81%
HTML tutorial NBC
71%
HTML tutorial Real Madrid
58%
HTML tutorial Kodak
50%
HTML tutorial Huawei
27%
HTML tutorial Lufthansa
27%
No matching quizzes found
Score Distribution
Percent of People with Each Score
Percentile by Number Answered
Your Score History
You have not taken this quiz since the last reset